Statistics for Overseas dependencies capitals

Click here to take the quiz!

General Stats

  • This quiz has been taken 29 times
  • The average score is 7 of 10

Answer Stats

CapitalAnswer% Correct
OranjestadAruba
87%
Pago PagoAmerican Samoa
83%
PapeeteFrench Polynesia
83%
AvaruaCook Islands
78%
NoumeaNew Caledonia
78%
WilelmstadCuracao
74%
AlofiNiue
74%
HamiltonBermuda
74%
George TownCayman Islands
61%
MillersvilleJarvis Island
9%

Score Distribution

Percentile by Number Answered

Percent of People with Each Score

Your Score History

You have not taken this quiz